[Event "Pannon Cup 2nd"]
[Site "Kaposvar "]
[Date "2000.07.15"]
[Round "3"]
[White "Kustar, Sandor"]
[Black "Lehmann, Zoltan"]
[Result "1/2-1/2"]
[WhiteElo "2383"]
[BlackElo "2296"]
[PlyCount "49"]
[EventDate "2000.07.13"]
[EventType "swiss"]
[EventRounds "9"]
[EventCountry "HUN"]
[SourceTitle "EXT 2004"]
[Source "ChessBase"]
[SourceDate "2003.11.25"]
[SourceVersion "1"]
[SourceVersionDate "2003.11.25"]
[SourceQuality "1"]

1. Nf3 d5 2. c4 c6 3. d4 e6 4. Qc2 f5 5. Bf4 Nf6 6. Nbd2 Be7 7. e3 0-0 8. Bd3 Ne4 9. h3 Nd7 10. a3 Ndf6 11. 0-0 Bd7 12. Ne5 g5 13. Bh2 Be8 14. f3 Nxd2 15. Qxd2 Nd7 16. Rfd1 Nxe5 17. Bxe5 Bg6 18. b4 Bd6 19. f4 Bxe5 20. dxe5 Bh5 21. Be2 Bxe2 22. Qxe2 Kh8 23. Qh5 gxf4 24. exf4 Qb6+ 25. c5 1/2-1/2

[Event "Pannon Cup 2nd"]
[Site "Kaposvar "]
[Date "2000.07.14"]
[Round "2"]
[White "Lehmann, Zoltan"]
[Black "Tancsa, Robert"]
[Result "1/2-1/2"]
[WhiteElo "2296"]
[BlackElo "2209"]
[PlyCount "70"]
[EventDate "2000.07.13"]
[EventType "swiss"]
[EventRounds "9"]
[EventCountry "HUN"]
[SourceTitle "EXT 2004"]
[Source "ChessBase"]
[SourceDate "2003.11.25"]
[SourceVersion "1"]
[SourceVersionDate "2003.11.25"]
[SourceQuality "1"]

1. d4 Nf6 2. Nf3 g6 3. Nc3 d5 4. Bf4 Bg7 5. e3 0-0 6. Be2 c5 7. Ne5 Nc6 8. 0-0 cxd4 9. exd4 Qb6 10. Nxc6 bxc6 11. Na4 Qd8 12. Be5 Ne4 13. Bxg7 Kxg7 14. Re1 Qd6 15. c3 Re8 16. Bf1 a5 17. f3 Nf6 18. Nc5 Nd7 19. b4 Nxc5 20. bxc5 Qc7 21. Rb1 Ba6 22. Bxa6 Rxa6 23. Qb3 Ra7 24. Qa4 Ra6 25. Re2 Rb8 26. Reb2 Rxb2 27. Rxb2 Qf4 28. Qc2 Ra7 29. Rb6 e5 30. Qd3 e4 31. fxe4 dxe4 32. Qe2 Qc1+ 33. Kf2 Qf4+ 34. Kg1 Qc1+ 35. Kf2 Qf4+ 1/2-1/2

[Event "HUN-chT3 9900"]
[Site "Hungary"]
[Date "2000.02.27"]
[Round "8"]
[White "Kiss, Viktor"]
[Black "Lehmann, Zoltan"]
[Result "1/2-1/2"]
[WhiteElo "2090"]
[BlackElo "2318"]
[PlyCount "82"]
[EventDate "1999.09.26"]
[EventType "team"]
[EventRounds "11"]
[EventCountry "HUN"]
[SourceTitle "EXT 2002"]
[Source "ChessBase"]
[SourceDate "2001.11.25"]
[SourceVersion "1"]
[SourceVersionDate "2001.11.25"]
[SourceQuality "1"]

1. e4 e6 2. d4 d5 3. Nd2 c5 4. Ngf3 Nf6 5. exd5 exd5 6. Bb5+ Bd7 7. Qe2+ Be7 8. Bxd7+ Nbxd7 9. dxc5 0-0 10. Nb3 Re8 11. 0-0 Nxc5 12. Nxc5 Bxc5 13. Qd3 Qb6 14. Bf4 Ne4 15. Bg3 Qxb2 16. Qxd5 Rad8 17. Qb3 Qxb3 18. axb3 Nxg3 19. hxg3 Re2 20. b4 Bxb4 21. Rxa7 b6 22. c3 Bc5 23. Nd4 Rb2 24. Raa1 g6 25. Rfb1 Rd2 26. Rd1 Rxd1+ 27. Rxd1 Ra8 28. Nb3 Bf8 29. Nd4 Ra3 30. Rc1 Kg7 31. Kf1 Kf6 32. Ke2 Ke5 33. Kd3 Bc5 34. Nf3+ Kd5 35. Rc2 f5 36. Ke2 Ra7 37. c4+ Kc6 38. Rd2 Re7+ 39. Kd1 Re4 40. Re2 Rxe2 41. Kxe2 Be7 1/2-1/2

[Event "HUN-chT3 9900"]
[Site "Hungary"]
[Date "1999.10.17"]
[Round "3"]
[White "Ivan, Attila"]
[Black "Lehmann, Zoltan"]
[Result "1/2-1/2"]
[WhiteElo "2290"]
[BlackElo "2318"]
[PlyCount "26"]
[EventDate "1999.09.26"]
[EventType "team"]
[EventRounds "11"]
[EventCountry "HUN"]
[SourceTitle "EXT 2002"]
[Source "ChessBase"]
[SourceDate "2001.11.25"]
[SourceVersion "1"]
[SourceVersionDate "2001.11.25"]
[SourceQuality "1"]

1. e4 e5 2. Nf3 Nc6 3. Bb5 Nge7 4. c3 d5 5. Nxe5 dxe4 6. d4 exd3 7. Qf3 Be6 8. 0-0 Qd5 9. Qxd5 Bxd5 10. Nxd3 a6 11. Ba4 Bc4 12. Rd1 0-0-0 13. Bc2 Ng6 1/2-1/2